Introducción al estudio de la asistencia gerontológica de Guatemala

I tiakina i:
Ngā taipitopito rārangi puna kōrero
Kaituhi rangatōpū: Consejo de Bienestar Social. División de Bienestar General (Author)
Hōputu: Pukapuka
Reo:Pāniora
I whakaputaina: Ciudad de Guatemala Ministerio de Educación Pública 1959
Ngā marau:
Ngā Tūtohu: Tāpirihia he Tūtohu
Kāore He Tūtohu, Me noho koe te mea tuatahi ki te tūtohu i tēnei pūkete!

MARC

LEADER 00000nam a2200000 a 4500
001 UCO1016
003 CL-VaPUC
008 000505e19590000gt |||||||||||||||||spa|d
082 0 4 |a 362.6  |b CON  |2 21 
110 2 |a Consejo de Bienestar Social. División de Bienestar General  |e author  |9 442747 
245 1 0 |a Introducción al estudio de la asistencia gerontológica de Guatemala 
300 |a 98 p 
942 |c BK 
945 |d 20000505 00:00:00  |a crobeson 
260 |a Ciudad de Guatemala  |b Ministerio de Educación Pública  |c 1959 
650 7 |a GERONTOLOGIA  |2 CL-VaPUC  |9 309824 
650 0 |a Tercera edad   |9 307285 
650 0 |a Asistencia social   |9 351613 
651 0 |a Guatemala  |9 258335 
583 |a last modification  |c 20171123 01:35:54  |k Rodrigo Vera 
999 |c 287651  |d 287649 
952 |0 0  |1 0  |4 0  |6 362_600000000000000_CON_1959  |7 0  |8 A  |9 334595  |a BIBHIS  |b BIBHIS  |d 2019-11-20  |i 1272756  |o 362.6 CON 1959  |p 1272756  |r 2025-01-20  |w 2019-11-20  |y BK  |k HIS